| 000 | 00684nam a2200229 i 4500 | ||
|---|---|---|---|
| 001 | 17567 | ||
| 003 | ES-MaACL | ||
| 005 | 20250728100851.0 | ||
| 007 | t| | ||
| 008 | 010404s1995 sp ||||1| spa d | ||
| 020 | _a84-376-1346-9 | ||
| 080 | _a28:291 | ||
| 245 | 0 | 0 |
_aCristianismo primitivo y religiones mistéricas / _cJaime Alvar... [et al.]. |
| 260 |
_aMadrid : _bCátedra, _c[1995] |
||
| 300 |
_a564 p. : _bil. ; _c24 cm. |
||
| 490 | 1 | _aHistoria. Serie mayor | |
| 650 | 0 | 7 |
_aCristianismo y otras religiones _2embne _911436 |
| 700 | 1 |
_aAlvar, Jaime. _920581 |
|
| 830 | 0 |
_aHistoria. Serie mayor _9178485 |
|
| 852 |
_aES-MaACL _jL-24529 _bR.129789 |
||
| 999 |
_c17567 _d17567 |
||